[Event "blitmenteam"]
[Site "?"]
[Date "2016.10.07"]
[Round "2.3"]
[White "Matinian, Nikita"]
[Black "Popov, Ivan"]
[Result "0-1"]
[LiveChessVersion "1.4.4"]
[BlackElo "2606"]
[WhiteElo "2539"]

1. e4 {[%clk 0:03:04]} e6 {[%clk 0:03:03]} 2. d4 {[%clk 0:03:05]} d5
{[%clk 0:03:05]} 3. Nc3 {[%clk 0:03:06]} Nf6 {[%clk 0:03:05]} 4. Bg5
{[%clk 0:03:07]} dxe4 5. Nxe4 {[%clk 0:03:08]} Be7 {[%clk 0:03:07]} 6. Bxf6
{[%clk 0:03:05]} Bxf6 {[%clk 0:03:08]} 7. Nf3 {[%clk 0:03:05]} O-O
{[%clk 0:03:07]} 8. Bd3 {[%clk 0:03:07]} Bxd4 {[%clk 0:02:37]} 9. c3
{[%clk 0:02:37]} Bf6 {[%clk 0:02:31]} 10. Qc2 {[%clk 0:02:38]} Nd7
{[%clk 0:02:28]} 11. O-O-O {[%clk 0:02:38]} Qe7 {[%clk 0:02:17]} 12. g4
{[%clk 0:02:37]} g6 {[%clk 0:02:01]} 13. h4 {[%clk 0:02:37]} Bg7 {[%clk 0:01:59]}
14. h5 {[%clk 0:02:36]} Ne5 {[%clk 0:01:29]} 15. Nxe5 {[%clk 0:02:10]} Bxe5 16.
Kb1 g5 {[%clk 0:01:25]} 17. h6 {[%clk 0:02:08]} f6 {[%clk 0:01:16]} 18. Nd2
{[%clk 0:01:51]} Bf4 {[%clk 0:01:12]} 19. Nf3 {[%clk 0:01:51]} e5
{[%clk 0:01:05]} 20. Bf5 {[%clk 0:01:42]} Bxf5 {[%clk 0:01:06]} 21. Qxf5
{[%clk 0:01:42]} Rad8 {[%clk 0:01:06]} 22. Qe4 {[%clk 0:01:30]} Rxd1+
{[%clk 0:00:57]} 23. Rxd1 {[%clk 0:01:31]} Rd8 {[%clk 0:00:58]} 24. Rxd8+
{[%clk 0:01:09]} Qxd8 {[%clk 0:00:59]} 25. Kc2 {[%clk 0:01:11]} c6
{[%clk 0:00:55]} 26. Qc4+ {[%clk 0:01:11]} Qd5 {[%clk 0:00:56]} 27. Qd3
{[%clk 0:00:30]} e4 {[%clk 0:00:47]} 28. Qxd5+ cxd5 {[%clk 0:00:48]} 29. Nd4
{[%clk 0:00:32]} Kf7 {[%clk 0:00:49]} 30. Nf5 {[%clk 0:00:25]} Ke6
{[%clk 0:00:43]} 31. a4 {[%clk 0:00:26]} Bc7 {[%clk 0:00:39]} 32. b4
{[%clk 0:00:27]} Bb6 {[%clk 0:00:38]} 33. a5 {[%clk 0:00:08]} Bxf2
{[%clk 0:00:39]} 34. b5 {[%clk 0:00:09]} Bc5 {[%clk 0:00:36]} 35. Kd2
{[%clk 0:00:11]} Ke5 {[%clk 0:00:37]} 36. Ng7 {[%clk 0:00:10]} d4
{[%clk 0:00:34]} 37. cxd4+ {[%clk 0:00:11]} Bxd4 {[%clk 0:00:35]} 38. a6
{[%clk 0:00:09]} bxa6 {[%clk 0:00:36]} 39. bxa6 {[%clk 0:00:10]} Bb6
{[%clk 0:00:35]} 40. Nf5 {[%clk 0:00:10]} Kf4 {[%clk 0:00:35]} 41. Nd6
{[%clk 0:00:11]} e3+ {[%clk 0:00:33]} 42. Ke2 {[%clk 0:00:12]} Kxg4
{[%clk 0:00:34]} 43. Nc4 {[%clk 0:00:07]} Bc5 {[%clk 0:00:33]} 44. Nb2
{[%clk 0:00:06]} Kh5 {[%clk 0:00:33]} 45. Nd3 {[%clk 0:00:07]} Bb6
{[%clk 0:00:33]} 46. Kf3 {[%clk 0:00:07]} Kxh6 {[%clk 0:00:32]} 47. Nb4
{[%clk 0:00:07]} Kg6 {[%clk 0:00:31]} 48. Nd5 {[%clk 0:00:09]} Bc5
{[%clk 0:00:32]} 49. Nc7 {[%clk 0:00:10]} h5 {[%clk 0:00:31]} 50. Ne6
{[%clk 0:00:10]} Bb6 {[%clk 0:00:32]} 51. Ke4 0-1

[Event "blitmenteam"]
[Site "?"]
[Date "2016.10.07"]
[Round "2.4"]
[White "Motylev, Alexander"]
[Black "Vastrukhin, Oleg"]
[Result "1-0"]
[LiveChessVersion "1.4.4"]
[BlackElo "2355"]
[WhiteElo "2613"]

1. e4 {[%clk 0:03:02]} g6 {[%clk 0:03:03]} 2. d4 {[%clk 0:03:02]} Bg7
{[%clk 0:03:05]} 3. Nc3 {[%clk 0:03:03]} c6 {[%clk 0:03:05]} 4. Nf3
{[%clk 0:03:03]} d5 {[%clk 0:03:06]} 5. h3 {[%clk 4:04:44]} dxe4 {[%clk 0:03:07]}
6. Nxe4 {[%clk 0:03:04]} Nf6 {[%clk 0:03:08]} 7. Nxf6+ {[%clk 0:02:49]} exf6
{[%clk 0:03:08]} 8. Bd3 {[%clk 0:02:42]} O-O {[%clk 0:03:08]} 9. O-O
{[%clk 0:02:43]} Be6 {[%clk 0:03:09]} 10. Bf4 {[%clk 0:02:32]} a5
{[%clk 0:03:09]} 11. Re1 {[%clk 0:02:31]} Nd7 {[%clk 0:03:05]} 12. c4
{[%clk 0:02:27]} a4 {[%clk 0:02:51]} 13. Qc2 {[%clk 0:02:23]} Nb6
{[%clk 0:02:46]} 14. Rad1 {[%clk 0:02:18]} Re8 {[%clk 0:02:05]} 15. b3
{[%clk 0:02:14]} axb3 {[%clk 0:02:01]} 16. axb3 {[%clk 0:02:14]} Bf8
{[%clk 0:02:01]} 17. Qc3 {[%clk 0:02:13]} Qd7 {[%clk 0:01:36]} 18. Bf1
{[%clk 0:02:07]} h5 {[%clk 0:01:25]} 19. Nd2 {[%clk 0:01:54]} Bf5
{[%clk 0:01:21]} 20. Be3 {[%clk 0:01:42]} Nc8 {[%clk 0:01:19]} 21. d5
{[%clk 0:01:14]} cxd5 {[%clk 0:01:16]} 22. cxd5 {[%clk 0:01:14]} Nd6
{[%clk 0:01:03]} 23. Nc4 {[%clk 0:01:08]} Ne4 {[%clk 0:00:56]} 24. Qb2
{[%clk 0:00:57]} Qd8 {[%clk 0:00:55]} 25. Bb6 {[%clk 0:00:46]} Qd7
{[%clk 0:00:53]} 26. Bd4 {[%clk 0:00:47]} Ra6 {[%clk 0:00:20]} 27. Nb6
{[%clk 0:00:42]} Rxb6 {[%clk 0:00:15]} 28. Bxb6 {[%clk 0:00:43]} Bb4
{[%clk 0:00:11]} 29. Re3 {[%clk 0:00:41]} Nd6 {[%clk 0:00:04]} 30. Qxf6
{[%clk 0:00:39]} Rxe3 {[%clk 0:00:04]} 31. Bd4 {[%clk 0:00:35]} Kf8 32. Bxe3
{[%clk 0:00:35]} Ne8 {[%clk 0:00:03]} 33. Qh8+ Ke7 34. d6+ {[%clk 0:00:27]} Bxd6
{[%clk 0:00:05]} 35. Bf4 {[%clk 0:00:27]} Qe6 {[%clk 0:00:04]} 36. Bc4
{[%clk 0:00:26]} Qf6 {[%clk 0:00:03]} 37. Bxd6+ {[%clk 0:00:22]} 1-0

[Event "blitmenteam"]
[Site "?"]
[Date "2016.10.07"]
[Round "2.5"]
[White "Savitskiy, Sergey"]
[Black "Ponkratov, Pavel"]
[Result "0-1"]
[LiveChessVersion "1.4.4"]
[BlackElo "2679"]
[WhiteElo "2341"]

1. e4 {[%clk 0:03:03]} e5 {[%clk 0:03:03]} 2. Nf3 {[%clk 0:03:04]} Nc6
{[%clk 0:03:04]} 3. Bc4 {[%clk 0:03:06]} Nf6 {[%clk 0:03:05]} 4. d3
{[%clk 0:03:07]} h6 {[%clk 0:03:06]} 5. O-O {[%clk 0:03:08]} d6 {[%clk 0:03:05]}
6. c3 {[%clk 0:03:06]} g6 {[%clk 0:03:03]} 7. Nbd2 {[%clk 0:02:53]} Bg7
{[%clk 0:03:04]} 8. Re1 {[%clk 0:02:44]} O-O {[%clk 0:03:05]} 9. b4
{[%clk 0:02:43]} Qe7 {[%clk 0:02:58]} 10. Qb3 {[%clk 0:02:41]} a5
{[%clk 0:02:54]} 11. b5 {[%clk 0:02:39]} a4 {[%clk 0:02:54]} 12. Qa3
{[%clk 0:02:30]} Na5 {[%clk 0:02:44]} 13. Qxa4 {[%clk 0:02:24]} Bd7
{[%clk 0:02:45]} 14. Qb4 {[%clk 0:02:17]} c5 {[%clk 0:02:41]} 15. Qb2
{[%clk 0:02:08]} Nh5 {[%clk 0:02:39]} 16. a4 {[%clk 0:02:06]} Nxc4
{[%clk 0:02:38]} 17. Nxc4 {[%clk 0:02:07]} Be6 {[%clk 0:02:36]} 18. Nb6
{[%clk 0:01:56]} Rae8 {[%clk 0:02:32]} 19. a5 {[%clk 0:01:54]} f5
{[%clk 0:02:29]} 20. exf5 {[%clk 0:01:50]} gxf5 {[%clk 0:02:28]} 21. a6
{[%clk 0:01:04]} bxa6 {[%clk 0:02:29]} 22. bxa6 {[%clk 0:01:06]} Qa7 23. Nc4 Rb8
{[%clk 0:02:30]} 24. Qc2 {[%clk 0:00:49]} e4 {[%clk 0:02:16]} 25. Nxd6
{[%clk 0:00:32]} Qd7 {[%clk 0:02:17]} 26. a7 {[%clk 0:00:22]} Ra8
{[%clk 0:02:18]} 27. dxe4 {[%clk 0:00:23]} Qxd6 {[%clk 0:02:18]} 28. exf5
{[%clk 0:00:20]} Bd5 {[%clk 0:02:11]} 29. Rd1 {[%clk 0:00:17]} Qc6
{[%clk 0:02:11]} 30. Nh4 {[%clk 0:00:14]} Rf7 {[%clk 0:02:07]} 31. Be3
{[%clk 0:00:14]} Raxa7 {[%clk 0:02:05]} 32. Rxa7 {[%clk 0:00:15]} Rxa7
{[%clk 0:02:06]} 33. c4 {[%clk 0:00:16]} Be4 {[%clk 0:02:01]} 34. Qe2
{[%clk 0:00:15]} Nf6 {[%clk 0:01:52]} 35. f3 {[%clk 0:00:17]} Ra3
{[%clk 0:01:51]} 36. Bf2 {[%clk 0:00:13]} Kh7 {[%clk 0:01:40]} 37. fxe4
{[%clk 0:00:15]} Nxe4 {[%clk 0:01:41]} 38. Kh1 {[%clk 0:00:12]} Nc3
{[%clk 0:01:31]} 39. Qd3 {[%clk 0:00:05]} Nxd1 {[%clk 0:01:31]} 40. Qxa3
{[%clk 0:00:06]} Nxf2+ {[%clk 0:01:31]} 41. Kg1 {[%clk 0:00:07]} Ne4
{[%clk 0:01:26]} 42. Qd3 {[%clk 0:00:09]} Bd4+ {[%clk 0:01:26]} 43. Kf1
{[%clk 0:00:10]} Qa8 {[%clk 0:01:14]} 44. Nf3 {[%clk 0:00:08]} Qa1+
{[%clk 0:01:13]} 45. Ke2 {[%clk 0:00:10]} Nc3+ {[%clk 0:01:08]} 0-1

[Event "blitmenteam"]
[Site "?"]
[Date "2016.10.07"]
[Round "2.6"]
[White "Khismatullin, Denis"]
[Black "Potapov, Pavel"]
[Result "0-1"]
[LiveChessVersion "1.4.4"]
[BlackElo "2471"]
[WhiteElo "2604"]

1. d4 {[%clk 0:03:03]} d5 {[%clk 0:03:01]} 2. c4 {[%clk 0:03:04]} e5
{[%clk 0:03:02]} 3. dxe5 {[%clk 0:03:01]} d4 {[%clk 0:03:03]} 4. Nf3
{[%clk 0:03:00]} Nc6 {[%clk 0:03:04]} 5. a3 {[%clk 0:03:00]} Nge7
{[%clk 0:03:03]} 6. b4 {[%clk 0:03:00]} Ng6 {[%clk 0:03:03]} 7. Bb2
{[%clk 0:03:01]} a5 {[%clk 0:03:03]} 8. b5 {[%clk 0:03:01]} Ncxe5
{[%clk 0:03:03]} 9. Nxe5 {[%clk 0:03:02]} Nxe5 {[%clk 0:03:03]} 10. Bxd4
{[%clk 0:03:01]} Nxc4 {[%clk 0:03:02]} 11. e3 {[%clk 0:02:58]} Be6
{[%clk 0:02:55]} 12. Qc2 {[%clk 0:02:54]} Nd6 {[%clk 0:02:55]} 13. Nd2
{[%clk 0:02:40]} Qd7 {[%clk 0:01:47]} 14. a4 {[%clk 0:01:42]} Nf5
{[%clk 0:01:46]} 15. Bc3 {[%clk 0:01:42]} Bb4 {[%clk 0:01:02]} 16. Be2
{[%clk 0:01:29]} O-O {[%clk 0:00:57]} 17. O-O {[%clk 0:01:21]} Rfd8
{[%clk 0:00:53]} 18. Rfd1 {[%clk 0:01:19]} Qe7 {[%clk 0:00:51]} 19. Bf3
{[%clk 0:01:07]} Rab8 {[%clk 0:00:51]} 20. Rac1 {[%clk 0:00:46]} Rd7
{[%clk 0:00:50]} 21. Be4 {[%clk 0:00:32]} g6 {[%clk 0:00:44]} 22. Bf3
{[%clk 0:00:23]} Rbd8 {[%clk 0:00:33]} 23. g3 {[%clk 0:00:13]} Bxc3
{[%clk 0:00:27]} 24. Qxc3 {[%clk 0:00:14]} Qb4 {[%clk 0:00:28]} 25. Qc2
{[%clk 0:00:08]} Rxd2 {[%clk 0:00:28]} 26. Rxd2 {[%clk 0:00:07]} Rxd2
{[%clk 0:00:29]} 27. Qxc7 {[%clk 0:00:08]} Qb2 {[%clk 0:00:28]} 28. Rf1
{[%clk 0:00:07]} Rc2 {[%clk 0:00:21]} 29. Qxa5 {[%clk 0:00:07]} Bc4
{[%clk 0:00:22]} 30. Qd8+ {[%clk 0:00:06]} Kg7 {[%clk 0:00:23]} 0-1

[Event "blitmenteam"]
[Site "?"]
[Date "2016.10.07"]
[Round "2.7"]
[White "Belyakov, Bogdan"]
[Black "Bologan, Victor"]
[Result "1-0"]
[LiveChessVersion "1.4.4"]
[BlackElo "2601"]
[WhiteElo "2511"]

1. e4 {[%clk 0:03:03]} g6 {[%clk 0:03:04]} 2. d4 {[%clk 0:03:04]} Bg7
{[%clk 0:03:05]} 3. c3 {[%clk 0:03:04]} d6 {[%clk 0:02:47]} 4. Be3
{[%clk 0:03:03]} Nf6 {[%clk 0:02:34]} 5. Bd3 {[%clk 0:02:56]} c5 {[%clk 0:02:09]}
6. dxc5 {[%clk 0:02:49]} Ng4 {[%clk 0:02:06]} 7. Bf4 {[%clk 0:02:08]} dxc5
{[%clk 0:01:59]} 8. Bxb8 {[%clk 0:01:22]} Rxb8 {[%clk 0:01:56]} 9. Bb5+
{[%clk 0:01:23]} Bd7 {[%clk 0:01:53]} 10. Qxd7+ {[%clk 0:01:23]} Qxd7
{[%clk 0:01:54]} 11. Bxd7+ {[%clk 0:01:23]} Kxd7 {[%clk 0:01:55]} 12. Nf3
{[%clk 0:01:24]} Kc6 {[%clk 0:01:54]} 13. a4 {[%clk 0:01:24]} f5 {[%clk 0:01:36]}
14. Nbd2 {[%clk 0:01:23]} 1-0

[Event "blitmenteam"]
[Site "?"]
[Date "2016.10.07"]
[Round "2.8"]
[White "Kryakvin, Dmitry"]
[Black "Potapov, Alexander"]
[Result "1-0"]
[LiveChessVersion "1.4.4"]
[BlackElo "2381"]
[WhiteElo "2522"]

1. d4 {[%clk 0:03:03]} f5 {[%clk 0:03:03]} 2. g3 {[%clk 0:03:04]} Nf6
{[%clk 0:03:03]} 3. Bg2 {[%clk 0:03:04]} g6 {[%clk 0:03:05]} 4. c3
{[%clk 0:03:05]} Bg7 {[%clk 0:03:05]} 5. Qb3 {[%clk 0:03:06]} d5 {[%clk 0:02:45]}
6. Nh3 {[%clk 0:03:03]} c6 {[%clk 0:02:45]} 7. Nd2 {[%clk 0:03:02]} Qb6
{[%clk 0:02:45]} 8. Nf4 {[%clk 0:02:57]} Ne4 {[%clk 0:02:42]} 9. f3
{[%clk 0:02:52]} Nxd2 {[%clk 0:02:25]} 10. Bxd2 {[%clk 0:02:53]} Qxb3
{[%clk 0:02:24]} 11. axb3 {[%clk 0:02:53]} e5 {[%clk 0:02:25]} 12. dxe5
{[%clk 0:02:44]} Bxe5 {[%clk 0:02:26]} 13. e4 {[%clk 0:02:33]} dxe4
{[%clk 0:02:25]} 14. fxe4 {[%clk 0:02:34]} O-O {[%clk 0:02:10]} 15. O-O
{[%clk 0:02:32]} Na6 {[%clk 0:02:02]} 16. exf5 {[%clk 0:02:17]} Bxf5
{[%clk 0:01:59]} 17. Bxc6 bxc6 {[%clk 0:01:26]} 18. Rxa6 c5 19. Be3
{[%clk 0:01:54]} Rfc8 {[%clk 0:00:56]} 20. Rfa1 {[%clk 0:01:40]} Bc2
{[%clk 0:00:38]} 21. Nd5 {[%clk 0:01:29]} Kh8 {[%clk 0:00:39]} 22. Ne7
{[%clk 0:01:12]} Re8 {[%clk 0:00:38]} 23. Bxc5 {[%clk 0:01:07]} Bxb3
{[%clk 0:00:38]} 24. Rxa7 {[%clk 0:01:07]} Rxa7 {[%clk 0:00:35]} 25. Rxa7
{[%clk 0:01:08]} Bf6 {[%clk 0:00:31]} 26. Bd4 {[%clk 0:00:56]} Bxd4+
{[%clk 0:00:29]} 27. cxd4 {[%clk 0:00:57]} Rd8 {[%clk 0:00:28]} 28. Rb7
{[%clk 0:00:53]} Bc4 {[%clk 0:00:22]} 29. Nc6 {[%clk 0:00:39]} Rd6
{[%clk 0:00:23]} 30. Rc7 {[%clk 0:00:28]} Bb5 {[%clk 0:00:22]} 31. Na7
{[%clk 0:00:23]} Bd3 {[%clk 0:00:22]} 32. Kf2 {[%clk 0:00:21]} Rxd4
{[%clk 0:00:23]} 33. Ke3 {[%clk 0:00:22]} Rd6 {[%clk 0:00:22]} 34. Nc8
{[%clk 0:00:20]} Rd8 {[%clk 0:00:22]} 35. Nb6 {[%clk 0:00:18]} Bb5
{[%clk 0:00:23]} 36. Rc8 {[%clk 0:00:18]} Rxc8 {[%clk 0:00:22]} 37. Nxc8
{[%clk 0:00:20]} Kg7 {[%clk 0:00:23]} 38. b4 {[%clk 0:00:17]} Kf6
{[%clk 0:00:24]} 39. Nd6 {[%clk 0:00:16]} Bf1 {[%clk 0:00:23]} 40. Kd4
{[%clk 0:00:16]} Kg5 {[%clk 0:00:20]} 41. b5 {[%clk 0:00:12]} Kg4
{[%clk 0:00:07]} 42. b6 {[%clk 0:00:13]} Ba6 {[%clk 0:00:05]} 43. Kc5
{[%clk 0:00:08]} Kh3 {[%clk 0:00:07]} 44. Kb4 {[%clk 0:00:09]} Kxh2
{[%clk 0:00:08]} 45. Ka5 {[%clk 0:00:10]} Bb7 46. Nxb7 {[%clk 0:00:11]} Kxg3
{[%clk 0:00:10]} 47. Nc5 {[%clk 0:00:12]} 1-0

[Event "blitmenteam"]
[Site "?"]
[Date "2016.10.07"]
[Round "2.9"]
[White "Savchenko, Boris"]
[Black "Sychev, Klementy"]
[Result "1-0"]
[LiveChessVersion "1.4.4"]
[BlackElo "2516"]
[WhiteElo "2626"]

1. e4 {[%clk 0:03:03]} e5 {[%clk 0:03:04]} 2. f4 {[%clk 0:03:04]} exf4
{[%clk 0:03:04]} 3. Bc4 {[%clk 0:03:05]} Nf6 {[%clk 0:03:03]} 4. d3
{[%clk 0:02:59]} d5 {[%clk 0:02:41]} 5. exd5 {[%clk 0:03:00]} Nxd5
{[%clk 0:02:42]} 6. Bxd5 Qxd5 {[%clk 0:02:43]} 7. Qe2+ {[%clk 0:03:02]} Be6
{[%clk 0:02:13]} 8. Bxf4 {[%clk 0:03:02]} Nc6 {[%clk 0:02:14]} 9. Nf3
{[%clk 0:02:49]} Nd4 {[%clk 0:01:45]} 10. Nxd4 Qxd4 {[%clk 0:01:46]} 11. Be5
{[%clk 0:02:47]} Qh4+ {[%clk 0:01:36]} 12. Bg3 {[%clk 0:02:46]} Qb4+
{[%clk 0:01:33]} 13. c3 {[%clk 0:02:44]} Qb6 {[%clk 0:01:27]} 14. Qf2
{[%clk 0:01:54]} Qxf2+ {[%clk 0:01:25]} 15. Kxf2 {[%clk 0:01:51]} c5
{[%clk 0:01:25]} 16. Na3 {[%clk 0:01:48]} Rd8 {[%clk 0:01:00]} 17. Rhd1
{[%clk 0:01:12]} a6 {[%clk 0:01:02]} 18. Nc4 {[%clk 0:01:10]} Be7
{[%clk 0:01:02]} 19. Nb6 {[%clk 0:01:06]} O-O {[%clk 0:00:56]} 20. Bc7
{[%clk 0:01:04]} Rde8 {[%clk 0:00:57]} 21. d4 {[%clk 0:00:56]} cxd4
{[%clk 0:00:53]} 22. cxd4 {[%clk 0:00:57]} Bg4 {[%clk 0:00:55]} 23. Rdc1
{[%clk 0:00:33]} Bg5 {[%clk 0:00:52]} 24. Re1 {[%clk 0:00:34]} Bd2
{[%clk 0:00:41]} 25. Rxe8 {[%clk 0:00:24]} Rxe8 {[%clk 0:00:43]} 26. h3
{[%clk 0:00:20]} Bf5 {[%clk 0:00:35]} 27. Rd1 {[%clk 0:00:18]} Be3+
{[%clk 0:00:32]} 28. Kf3 {[%clk 0:00:19]} Bg5 {[%clk 0:00:28]} 29. d5
{[%clk 0:00:12]} Bc2 {[%clk 0:00:25]} 30. Rf1 {[%clk 0:00:08]} Bd3
{[%clk 0:00:27]} 31. Ra1 {[%clk 0:00:08]} Re3+ {[%clk 0:00:11]} 32. Kf2
{[%clk 0:00:09]} Re2+ {[%clk 0:00:12]} 33. Kg3 {[%clk 0:00:08]} Rxb2
{[%clk 0:00:05]} 34. d6 {[%clk 0:00:05]} Rc2 {[%clk 0:00:04]} 35. Rd1
{[%clk 0:00:04]} Be2 {[%clk 0:00:05]} 36. Rd5 {[%clk 0:00:04]} Rc3+
{[%clk 0:00:06]} 37. Kf2 {[%clk 0:00:05]} Rc2 {[%clk 0:00:03]} 38. Rxg5
{[%clk 0:00:05]} Bb5+ {[%clk 0:00:03]} 39. Ke3 {[%clk 0:00:06]} 1-0

[Event "blitmenteam"]
[Site "?"]
[Date "2016.10.07"]
[Round "2.10"]
[White "Zakhartsov, Vladimir"]
[Black "Bocharov, Dmitry"]
[Result "1-0"]
[LiveChessVersion "1.4.4"]
[BlackElo "2660"]
[WhiteElo "2527"]

1. e4 {[%clk 0:03:02]} d6 {[%clk 0:03:02]} 2. d4 {[%clk 0:03:03]} Nf6
{[%clk 0:03:03]} 3. Nc3 {[%clk 0:03:05]} g6 {[%clk 0:03:04]} 4. f4
{[%clk 0:03:04]} Bg7 {[%clk 0:03:05]} 5. Nf3 {[%clk 0:03:04]} O-O
{[%clk 0:03:05]} 6. Bd3 {[%clk 0:03:02]} Na6 {[%clk 0:03:05]} 7. O-O
{[%clk 0:02:59]} c5 {[%clk 0:03:06]} 8. d5 {[%clk 0:03:00]} Rb8 {[%clk 0:03:06]}
9. a4 {[%clk 0:02:48]} Bg4 {[%clk 0:03:03]} 10. h3 {[%clk 0:02:41]} Bxf3
{[%clk 0:03:04]} 11. Qxf3 {[%clk 0:02:41]} Nb4 {[%clk 0:03:04]} 12. Qe2
{[%clk 0:02:17]} Nh5 {[%clk 0:02:53]} 13. Kh2 {[%clk 0:02:11]} e5
{[%clk 0:02:34]} 14. dxe6 {[%clk 0:02:00]} fxe6 {[%clk 0:02:32]} 15. Bc4
{[%clk 0:01:56]} Qe7 {[%clk 0:02:15]} 16. Qg4 {[%clk 0:00:52]} Rbe8
{[%clk 0:01:52]} 17. f5 {[%clk 0:00:52]} Be5+ {[%clk 0:01:39]} 18. Kg1
{[%clk 0:00:54]} Nf6 {[%clk 0:01:39]} 19. Qg5 {[%clk 0:00:24]} d5
{[%clk 0:01:34]} 20. exd5 {[%clk 0:00:18]} exd5 {[%clk 0:01:34]} 21. Bb5
{[%clk 0:00:19]} Nxc2 {[%clk 0:01:23]} 22. fxg6 {[%clk 0:00:16]} Bd4+
{[%clk 0:01:05]} 23. Kh1 {[%clk 0:00:17]} hxg6 {[%clk 0:00:58]} 24. Qxg6+
{[%clk 0:00:15]} Qg7 {[%clk 0:00:58]} 25. Bxe8 {[%clk 0:00:14]} Nxa1
{[%clk 0:00:54]} 26. Bh6 {[%clk 0:00:09]} Qxg6 {[%clk 0:00:47]} 27. Bxg6
{[%clk 0:00:10]} Nc2 {[%clk 0:00:28]} 28. Bxf8 {[%clk 0:00:10]} Kxf8
{[%clk 0:00:29]} 29. Bxc2 {[%clk 0:00:10]} 1-0

[Event "blitmenteam"]
[Site "?"]
[Date "2016.10.07"]
[Round "2.11"]
[White "Evdokimov, Alexander A."]
[Black "Kovalev, Egor"]
[Result "1/2-1/2"]
[LiveChessVersion "1.4.4"]
[BlackElo "2228"]
[WhiteElo "2524"]

1. d4 {[%clk 0:03:03]} Nf6 {[%clk 0:03:01]} 2. Nf3 {[%clk 0:03:04]} g6
{[%clk 0:03:02]} 3. Bf4 {[%clk 0:03:05]} Bg7 {[%clk 0:03:03]} 4. e3
{[%clk 0:03:05]} O-O {[%clk 0:03:03]} 5. h3 {[%clk 0:03:06]} d6 {[%clk 0:03:04]}
6. Be2 {[%clk 0:03:07]} Nbd7 {[%clk 0:03:04]} 7. O-O {[%clk 0:03:04]} b6
{[%clk 0:03:05]} 8. a4 {[%clk 0:03:05]} a6 {[%clk 0:03:00]} 9. a5
{[%clk 0:02:55]} b5 {[%clk 0:03:00]} 10. c4 {[%clk 0:02:55]} c6 {[%clk 0:02:58]}
11. Nbd2 {[%clk 0:02:38]} Bb7 {[%clk 0:02:57]} 12. Bh2 {[%clk 0:02:38]} Rc8
{[%clk 0:02:56]} 13. b4 {[%clk 0:02:14]} bxc4 {[%clk 0:02:33]} 14. Nxc4
{[%clk 0:01:48]} c5 {[%clk 0:02:32]} 15. bxc5 {[%clk 0:01:45]} dxc5
{[%clk 0:02:33]} 16. Rb1 {[%clk 0:01:35]} Be4 {[%clk 0:02:32]} 17. Bd3
{[%clk 0:01:10]} cxd4 {[%clk 0:02:30]} 18. Nxd4 {[%clk 0:01:06]} Nc5
{[%clk 0:02:13]} 19. Bxe4 {[%clk 0:01:00]} Nfxe4 {[%clk 0:02:14]} 20. Nb6
{[%clk 0:01:01]} Nc3 {[%clk 0:02:08]} 21. Qc2 {[%clk 0:00:50]} Nxb1
{[%clk 0:02:03]} 22. Nxc8 {[%clk 0:00:51]} Qxc8 {[%clk 0:01:59]} 23. Rxb1
{[%clk 0:00:52]} Nb7 {[%clk 0:01:48]} 24. Nc6 {[%clk 0:00:49]} Bf6
{[%clk 0:01:42]} 25. Rc1 {[%clk 0:00:43]} Qe6 {[%clk 0:01:31]} 26. Bg3
{[%clk 0:00:38]} Kg7 {[%clk 0:01:30]} 27. Qb1 {[%clk 0:00:37]} Nd6
{[%clk 0:01:26]} 28. Bxd6 {[%clk 0:00:36]} Qxd6 {[%clk 0:01:27]} 29. Qb6
{[%clk 0:00:38]} Qd3 {[%clk 0:00:53]} 30. Nb4 {[%clk 0:00:39]} Qa3
{[%clk 0:00:54]} 31. Rf1 {[%clk 0:00:35]} Bc3 {[%clk 0:00:54]} 32. Nxa6
{[%clk 0:00:35]} Qxa5 33. Qxa5 {[%clk 0:00:36]} Bxa5 {[%clk 0:00:55]} 1/2-1/2

[Event "blitmenteam"]
[Site "?"]
[Date "2016.10.07"]
[Round "2.12"]
[White "Babikov, Ivan"]
[Black "Zablotsky, Sergei"]
[Result "0-1"]
[LiveChessVersion "1.4.4"]
[BlackElo "2519"]
[WhiteElo "2189"]

1. e4 {[%clk 0:03:03]} d6 {[%clk 0:03:03]} 2. d4 {[%clk 0:03:04]} Nf6
{[%clk 0:03:04]} 3. Nc3 {[%clk 0:03:05]} e5 {[%clk 0:03:05]} 4. Nf3
{[%clk 0:03:04]} Nbd7 {[%clk 0:03:05]} 5. Bc4 {[%clk 0:03:04]} Be7
{[%clk 0:03:06]} 6. O-O {[%clk 0:03:05]} O-O {[%clk 0:03:06]} 7. Re1
{[%clk 0:03:06]} c6 {[%clk 0:03:07]} 8. a4 {[%clk 0:03:07]} exd4 {[%clk 0:03:08]}
9. Nxd4 {[%clk 0:02:54]} Ne5 {[%clk 0:03:06]} 10. Ba2 {[%clk 0:02:54]} Re8
{[%clk 0:03:05]} 11. h3 {[%clk 0:02:43]} Bd7 {[%clk 0:03:02]} 12. Bf4
{[%clk 0:02:33]} Qa5 {[%clk 0:03:00]} 13. Nf5 {[%clk 0:02:22]} Bxf5
{[%clk 0:02:40]} 14. exf5 {[%clk 0:02:21]} Qb4 {[%clk 0:02:25]} 15. Bxe5
{[%clk 0:01:36]} dxe5 {[%clk 0:02:24]} 16. Bb3 {[%clk 0:01:09]} Bc5
{[%clk 0:02:06]} 17. Qf3 {[%clk 0:01:05]} e4 {[%clk 0:01:39]} 18. Qg3
{[%clk 0:00:40]} Rad8 {[%clk 0:01:26]} 19. Re2 {[%clk 0:00:41]} Bd6
{[%clk 0:00:48]} 20. Qh4 {[%clk 0:00:38]} e3 {[%clk 0:00:22]} 21. Qxb4
{[%clk 0:00:37]} exf2+ {[%clk 0:00:23]} 22. Kxf2 {[%clk 0:00:24]} Bxb4
{[%clk 0:00:23]} 23. Rxe8+ {[%clk 0:00:24]} Rxe8 {[%clk 0:00:22]} 24. Re1
{[%clk 0:00:16]} Rxe1 {[%clk 0:00:19]} 25. Kxe1 {[%clk 0:00:17]} Ne4
{[%clk 0:00:20]} 26. g4 {[%clk 0:00:08]} Bxc3+ {[%clk 0:00:17]} 27. bxc3
{[%clk 0:00:09]} Nxc3 {[%clk 0:00:18]} 28. Kd2 {[%clk 0:00:05]} Ne4+
{[%clk 0:00:19]} 29. Ke3 {[%clk 0:00:06]} Nc5 {[%clk 0:00:19]} 30. Bc4
{[%clk 0:00:03]} Nxa4 {[%clk 0:00:19]} 31. Kd4 {[%clk 0:00:04]} Kf8
{[%clk 0:00:18]} 32. Ke5 {[%clk 0:00:05]} Ke7 {[%clk 0:00:18]} 33. g5
{[%clk 0:00:06]} f6+ 34. gxf6+ gxf6+ {[%clk 0:00:20]} 35. Kd4 {[%clk 0:00:07]}
Kd6 {[%clk 0:00:20]} 36. h4 {[%clk 0:00:07]} b5 {[%clk 0:00:20]} 37. Be6
{[%clk 0:00:08]} a5 {[%clk 0:00:19]} 38. h5 {[%clk 0:00:08]} h6 {[%clk 0:00:20]}
39. c4 {[%clk 0:00:08]} c5+ {[%clk 0:00:19]} 40. Ke3 {[%clk 0:00:08]} b4
{[%clk 0:00:17]} 41. Kd2 {[%clk 0:00:08]} Nb6 {[%clk 0:00:17]} 42. Ke3
{[%clk 0:00:08]} Ke5 {[%clk 0:00:18]} 43. Kd3 {[%clk 0:00:08]} a4
{[%clk 0:00:19]} 44. Kd4+ 0-1